ՀՀ Գիտությունների ազգային ակադեմիայի հիմնարար գիտական գրադարան  =   Fundamental Scientific Library of NAS RA

Հայկական կարպետներ և գորգեր / (Record no. 148577)

MARC details
000 -LEADER
fixed length control field 00770nam a2200217 a 4500
001 - CONTROL NUMBER
control field 000391579
003 - CONTROL NUMBER IDENTIFIER
control field AM-YeHGA
005 - DATE AND TIME OF LATEST TRANSACTION
control field 20250617132306.0
008 - FIXED-LENGTH DATA ELEMENTS--GENERAL INFORMATION
fixed length control field 041204s2002 ai 000 | arm d
020 ## - INTERNATIONAL STANDARD BOOK NUMBER
International Standard Book Number 9993023256
040 ## - CATALOGING SOURCE
Original cataloging agency AM-YeHGA
041 0# - LANGUAGE CODE
Language code of text/sound track or separate title arm
090 ## - LOCALLY ASSIGNED LC-TYPE CALL NUMBER (OCLC); LOCAL CALL NUMBER (RLIN)
-- 149965
100 1# - MAIN ENTRY--PERSONAL NAME
Personal name Պապիկյան, Կարինե Մ.
245 10 - TITLE STATEMENT
Title Հայկական կարպետներ և գորգեր /
Statement of responsibility, etc. Կ.Մ. Պապիկյան; Խմբ.՝ Ա. Բաղդասարյան.
260 ## - PUBLICATION, DISTRIBUTION, ETC.
Place of publication, distribution, etc. Երևան :
Name of publisher, distributor, etc. Զանգակ-97,
Date of publication, distribution, etc. 2002.
300 ## - PHYSICAL DESCRIPTION
Extent 24 էջ :
Other physical details գունանկ. ;
Dimensions 20 սմ.
650 14 - SUBJECT ADDED ENTRY--TOPICAL TERM
Topical term or geographic name entry element Գորգագործություն
Geographic subdivision Հայաստան
650 14 - SUBJECT ADDED ENTRY--TOPICAL TERM
Topical term or geographic name entry element Կարպետագործություն
Geographic subdivision Հայաստան
700 1# - ADDED ENTRY--PERSONAL NAME
Personal name Բաղդասարյան, Արա
Relator term խմբ.
Relationship edt
Holdings
Withdrawn status Lost status Damaged status Not for loan Collection Home library Current library Date acquired Total checkouts Full call number Barcode Date last seen Price effective from Koha item type Public note
        General Fundamental Scientific Library Fundamental Scientific Library 28/12/2016   AII/90653 220090653 28/12/2016 28/12/2016 Գրքեր / Books 30 Days Loan


ՀՀ ԳԱԱ հիմնարար գիտական գրադարան
ՀՀ,Երևան 0019
Մարշալ Բաղրամյան 24/6
հեռախոս:(374-10) 52-47-50
Հետադարձ կապ

All site content, except where otherwise noted, is licensed under a
Creative Commons License